000 00992nam a2200265 i 4500
001 60044
003 ES-MaACL
005 20250827062607.0
007 t|
008 031103s1986 sp l |||| | spa d
020 _a84-309-1339-4
110 1 _aEspaña
_93622
243 1 0 _aLeyes, etc., de administración pública
245 1 0 _aCódigo de las administraciones públicas /
_cedición preparada bajo la dirección de Mariano Baena del Alcázar por José María Fernández Pastrana ... [et al.].
260 _aMadrid :
_bTecnos,
_c[1986]
300 _aXL, 3390 p. ;
_c25 cm.
490 1 _aLegislación administrativa de editorial Tecnos ;
_v1
500 _aÍndice.
650 7 _aDerecho administrativo-
_zEspaña
_2
_9145992
700 1 _aBaena del Alcázar, Mariano.
_924589
700 1 _aFernández Pastrana, José María.
_949984
830 0 _aLegislación administrativa de editorial Tecnos ;
_v1
_9230542
852 _aES-MaACL
_jL-10770
999 _c60044
_d60044